00237nam a2200097Ia 4500008004100000100002000041245002200061260003200083942000700115999001700122190216s9999||||xx |||||||||||||| ||und|| aPhilips Price M 0aHistory Of Turkey b"Kitab Bhavan, New Delhi-2" cBK c19048d19048